Los cien errores más frecuentes del emprendimiento /
Curso conformado por quince módulos, cada uno en un volumen: presenta las bases para entender cómo se construye, financia y desarrolla un negocio. Abarca todas las áreas de conocimiento necesarias para llevar a cabo una administración empresarial eficaz: desde cómo emprender, cómo elaborar un plan d...
Saved in:
| Main Author: | |
|---|---|
| Other Authors: | |
| Format: | Book |
| Language: | Español |
| Published: |
Madrid, España :
ESIC,
2013, c2013
|
| Series: | (Curso de Emprendimiento y Gestión Empresarial ;
15) |
| Subjects: | |
| Tags: |
No Tags, Be the first to tag this record!
|
MARC
| LEADER | 00000nam^a2200000^a^4500 | ||
|---|---|---|---|
| 001 | 000400617 | ||
| 005 | 20250521000000.0 | ||
| 009 | 20260310121622.868 | ||
| 020 | |a 978-84-7356-950-7 | ||
| 037 | |a Acervo ITESO - Biblioteca | ||
| 041 | |a ESP | ||
| 082 | |a 658. |b CUR V. 15 | ||
| 100 | |a Pablos Heredero, Carmen de |e (autor) | ||
| 240 | 1 | 1 | |a [Curso ESIC de emprendimiento y gestión empresarial] |
| 245 | 1 | 4 | |a Los cien errores más frecuentes del emprendimiento / |c C. de Pablos Heredero, F.J. Blanco Jiménez. |
| 264 | 4 | |a Madrid, España : |b ESIC, |c 2013, c2013 | |
| 300 | |a 106 p. | ||
| 336 | |a texto |b txt |2 rdacontenido | ||
| 337 | |a sin mediación |b n |2 rdamedio | ||
| 338 | |a volumen |b nc |2 rdasoporte | ||
| 440 | 1 | |a (Curso de Emprendimiento y Gestión Empresarial ; |v 15) | |
| 520 | |a Curso conformado por quince módulos, cada uno en un volumen: presenta las bases para entender cómo se construye, financia y desarrolla un negocio. Abarca todas las áreas de conocimiento necesarias para llevar a cabo una administración empresarial eficaz: desde cómo emprender, cómo elaborar un plan de negocio, los aspectos legales del emprendimiento, el estudio de mercado, el comercio electrónico, la distribución logística, el proceso comercial, el marketing, el plan de recursos humanos, los apoyos y subvenciones, análisis de rentabilidad, fuentes de financiación, internacionalización de la empresa, oportunidades de emprendimiento sustentable y, por último errores frecuentes a prevenir. | ||
| 521 | |a FIL 2017 EEnlace Centro Universidad Empresa | ||
| 649 | |a XX | ||
| 650 | |a Empresas - |x Administración - |x Tema Principal | ||
| 650 | |a Formación de Empresas | ||
| 650 | |a Proceso Administrativo | ||
| 650 | |a Administración | ||
| 650 | |a Ciencias Administrativas | ||
| 700 | |a Blanco Jiménez, Francisco José |e (autor) | ||
| 910 | |a Fondo General | ||
| 920 | |a Impresos - Libros | ||
| 930 | |a Colección General | ||
| 905 | |a 101 | ||
| 901 | |a 0500295646 |b IT1 |c ACC |i c158550 |u 20250521 | ||
| 902 | |a https://opac.biblio.iteso.mx/vufind/Record/000400617 | ||